000 00649nam a2200277Ia 4500
005 20260324140549.0
008 008 260324s9999 xx 000 0 eng d
020 _a9780203214534
037 _aEBOOK
040 _aCRL
040 _beng
040 _cCRL
041 _2eng
041 _aeng
084 _qCRL
100 _aTom Turner
_91204882
245 0 _aLandscape Planning And Environmental Impact Design
260 _bTaylor and Francis
260 _c1998
365 _a
365 _b300
856 _uhttp://www.taylorfrancis.com/books/9780203214534
942 _cEBOOK
999 _c1807082
_d1807082